000 00309nam a22001337a 4500
008 170714b xxu||||| |||| 00| 0 eng d
020 _a9780195156690
041 _aeng
080 _a038
100 _a24
101 _aFJA
245 _aTHE OXFORD COMPANION TO WORLD MYTHOLOGY
_cLEEMING, D
942 _2udc
_cBK
999 _c20862
_d20862